Sports Quiz

Random Sports or MLB Quiz

Single-Season HRs by Exact Number Hit Quiz Stats

 Plays Quiz not verified by Sporcle

Challenge
Share
Tweet
Embed
Score 0/22 Timer 08:00
0 Plays Today
Home Run Total Player % Correct
73Barry Bonds (2001)
100%
70Mark McGwire (1998)
100%
66Sammy Sosa (1998)
100%
61Roger Maris (1961)
96.9%
60Babe Ruth (1927)
96.9%
64Sammy Sosa (1999)
94.9%
65Mark McGwire (1999)
93.9%
63Sammy Sosa (2001)
93.9%
58Jimmie Foxx/Hank Greenberg/Mark McGwire/Ryan Howard
91.8%
54Babe Ruth (twice)/Ralph Kiner/Mickey Mantle/David Ortiz/Alex Rodriguez/Jose Bautista
89.8%
57Luis Gonzalez/Alex Rodriguez
88.8%
Home Run Total Player % Correct
56Ken Griffey Jr. (twice)/Hack Wilson
83.7%
49Albert Belle/Barry Bonds/Andre Dawson/Lou Gehrig (twice)/Shawn Green/Ken Griffey Jr./Todd Helton/Harmon Killebrew (twice)/Ted Kluszewski/Willie Mays/Mark McGwire/Albert Pujols/Frank Robinson/Babe Ruth/Sammy Sosa/Jim Thome/Larry Walker
82.7%
52Mickey Mantle/Willie Mays/George Foster/Mark McGwire/Alex Rodriguez/Jim Thome
79.6%
50Brady Anderson/Albert Belle/Prince Fielder/Jimmie Foxx/Sammy Sosa/Greg Vaughn
79.6%
45Hank Aaron/Ernie Banks/Johnny Bench/Lance Berkman/Barry Bonds (twice)/Rocky Colavito/Juan Gonzalez/Ken Griffey Jr./Ryan Howard/Chipper Jones/Harmon Killebrew/Willie McCovey/Manny Ramirez (twice)/Mike Schmidt/Richie Sexson (twice)/Gorman Thomas/Greg Vaughn
78.6%
46Barry Bonds (twice)/Jose Canseco/Vinny Castilla/Orlando Cepeda/Joe DiMaggio/Adam Dunn/Prince Fielder/Lou Gehrig/Jim Gentile/Juan Gonzalez/Harmon Killebrew/Derrek Lee/Eddie Mathews/Carlos Pena/Albert Pujols/Jim Rice/Babe Ruth (three times)/Alfonso Soriano
77.6%
47Hank Aaron/Jeff Bagwell/Ernie Banks/George Bell/Andres Galarraga/Lou Gehrig/Troy Glaus/Juan Gonzalez/Ryan Howard/Reggie Jackson/Ralph Kiner/Ted Kluszewski/Eddie Mathews/Willie Mays/Kevin Mitchell/David Ortiz/Rafael Palmeiro (twice)/Albert Pujols/Alex Rodriguez/Babe Ruth/Jim Thome
76.5%
48Albert Belle/Adrian Beltre/Jimmie Foxx/Ken Griffey Jr./Frank Howard/Ryan Howard/Harmon Killebrew/Dave Kingman/Alex Rodriguez/Mike Schmidt/Willie Stargell
75.5%
51Ralph Kiner/Johnny Mize/Willie Mays/Cecil Fielder/Andruw Jones
73.5%
59Babe Ruth (1921)
69.4%
53Chris Davis (2013)
42.9%

You're not logged in!

Compare scores with friends on all Sporcle quizzes.
OR
Log In

You Might Also Like...

Show Comments

Extras

Top Quizzes Today


Score Distribution

Your Account Isn't Verified!

In order to create a playlist on Sporcle, you need to verify the email address you used during registration. Go to your Sporcle Settings to finish the process.

Report this User

Report this user for behavior that violates our Community Guidelines.

Details: